人口10万人以上の市町村 - Statistics

General Stats
  • This quiz has been taken 421 times
  • The average score is 219 of 277
Answer Stats
順位 都道府県 市町村 人口 % Correct
1 神奈川県 横浜市 3,771,063
99%
2 大阪府 大阪市 2,791,907
99%
5 福岡県 福岡市 1,656,737
99%
3 愛知県 名古屋市 2,331,264
98%
4 北海道 札幌市 1,968,261
98%
6 神奈川県 川崎市 1,551,788
98%
7 兵庫県 神戸市 1,492,282
98%
12 千葉県 千葉市 984,598
98%
8 京都府 京都市 1,437,377
97%
9 埼玉県 さいたま市 1,351,136
97%
10 広島県 広島市 1,179,915
97%
11 宮城県 仙台市 1,096,168
97%
31 東京都 八王子市 577,292
97%
14 福岡県 北九州市 908,109
96%
15 大阪府 堺市 806,860
96%
17 新潟県 新潟市 766,259
96%
20 熊本県 熊本市 737,409
96%
22 岡山県 岡山市 712,632
96%
25 静岡県 静岡市 672,291
96%
16 静岡県 浜松市 775,168
95%
21 神奈川県 相模原市 723,586
95%
26 千葉県 船橋市 648,214
95%
30 鹿児島県 鹿児島市 583,061
94%
33 兵庫県 姫路市 519,390
94%
34 栃木県 宇都宮市 511,852
94%
43 石川県 金沢市 455,759
94%
37 愛媛県 松山市 498,806
93%
40 大分県 大分市 470,818
93%
58 長崎県 長崎市 388,490
93%
65 長野県 長野市 361,626
93%
13 東京都 世田谷区 944,542
92%
27 埼玉県 川口市 594,649
92%
36 千葉県 市川市 499,383
92%
38 大阪府 東大阪市 485,357
92%
41 岡山県 倉敷市 466,741
92%
45 広島県 福山市 449,246
92%
50 愛知県 豊田市 414,531
92%
51 香川県 高松市 409,246
92%
55 岐阜県 岐阜市 394,133
92%
62 群馬県 高崎市 367,101
92%
70 奈良県 奈良市 347,557
92%
72 滋賀県 大津市 344,659
92%
75 群馬県 前橋市 326,271
92%
90 岩手県 盛岡市 280,902
92%
91 福島県 福島市 272,163
92%
93 三重県 津市 267,001
92%
94 茨城県 水戸市 266,965
92%
44 兵庫県 尼崎市 454,123
91%
47 千葉県 柏市 436,219
91%
52 富山県 富山市 403,869
91%
54 宮崎県 宮崎市 394,448
91%
71 和歌山県 和歌山市 344,941
91%
76 福島県 郡山市 319,202
91%
78 北海道 旭川市 314,522
91%
79 高知県 高知市 313,900
91%
80 沖縄県 那覇市 310,353
91%
84 三重県 四日市市 300,457
91%
86 秋田県 秋田市 296,286
91%
97 青森県 青森市 260,554
91%
101 新潟県 長岡市 255,833
91%
114 長野県 松本市 237,304
91%
140 山口県 山口市 189,547
91%
35 千葉県 松戸市 499,533
90%
39 兵庫県 西宮市 482,716
90%
64 愛知県 豊橋市 362,810
90%
66 東京都 新宿区 357,434
90%
77 福島県 いわき市 317,833
90%
103 福井県 福井市 254,776
90%
111 山口県 下関市 240,851
90%
112 山形県 山形市 239,986
90%
115 北海道 函館市 235,727
90%
117 佐賀県 佐賀市 228,293
90%
126 青森県 八戸市 213,071
90%
134 島根県 松江市 197,280
90%
18 東京都 練馬区 757,524
89%
19 東京都 大田区 751,310
89%
24 東京都 江戸川区 694,591
89%
48 東京都 町田市 432,376
89%
61 神奈川県 横須賀市 371,241
89%
63 東京都 北区 363,247
89%
82 兵庫県 明石市 306,453
89%
98 茨城県 つくば市 259,618
89%
107 徳島県 徳島市 245,349
89%
133 広島県 呉市 197,908
89%
141 山梨県 甲府市 186,063
89%
148 鳥取県 鳥取市 182,207
89%
23 東京都 足立区 700,888
88%
32 東京都 江東区 539,059
88%
42 東京都 葛飾区 458,539
88%
46 神奈川県 藤沢市 443,757
88%
49 東京都 品川区 427,380
88%
59 愛知県 岡崎市 381,268
88%
67 埼玉県 川越市 354,526
88%
85 福岡県 久留米市 298,828
88%
108 東京都 渋谷区 244,736
88%
168 青森県 弘前市 159,497
88%
116 長崎県 佐世保市 230,226
87%
28 東京都 杉並区 593,866
86%
29 東京都 板橋区 591,988
86%
56 大阪府 吹田市 393,714
86%
69 大阪府 高槻市 347,586
86%
74 埼玉県 越谷市 338,868
86%
92 東京都 港区 268,623
86%
172 北海道 釧路市 153,980
86%
53 大阪府 豊中市 398,145
85%
57 大阪府 枚方市 390,045
85%
60 愛知県 一宮市 372,927
85%
113 静岡県 富士市 239,901
85%
120 東京都 台東区 223,858
85%
144 東京都 中央区 185,552
85%
149 静岡県 沼津市 181,910
85%
153 京都府 宇治市 174,287
85%
155 島根県 出雲市 170,677
85%
73 埼玉県 所沢市 340,774
84%
88 東京都 目黒区 287,007
84%
128 群馬県 伊勢崎市 210,618
84%
186 鳥取県 米子市 144,004
84%
188 愛媛県 今治市 143,091
84%
68 東京都 中野区 351,266
83%
81 東京都 豊島区 309,136
83%
96 千葉県 市原市 262,670
83%
142 神奈川県 小田原市 185,926
83%
145 東京都 立川市 185,383
83%
151 新潟県 上越市 179,294
83%
170 岐阜県 大垣市 154,536
83%
178 栃木県 栃木市 150,201
83%
89 東京都 墨田区 283,879
82%
100 神奈川県 平塚市 258,380
82%
106 神奈川県 茅ヶ崎市 245,419
82%
125 兵庫県 宝塚市 220,927
82%
132 広島県 東広島市 198,176
82%
160 北海道 苫小牧市 165,502
82%
164 北海道 帯広市 162,053
82%
193 沖縄県 沖縄市 141,526
82%
102 兵庫県 加古川市 254,947
81%
105 東京都 文京区 248,248
81%
122 大阪府 寝屋川市 223,604
81%
138 三重県 鈴鹿市 191,153
81%
139 埼玉県 熊谷市 189,898
81%
156 神奈川県 鎌倉市 170,206
81%
162 茨城県 日立市 163,300
81%
182 滋賀県 草津市 148,413
81%
189 茨城県 土浦市 142,202
81%
95 東京都 府中市 263,546
80%
119 埼玉県 春日部市 226,210
80%
121 神奈川県 厚木市 223,704
80%
159 栃木県 小山市 166,117
80%
166 富山県 高岡市 160,054
80%
204 千葉県 成田市 134,003
80%
110 神奈川県 大和市 244,113
79%
129 東京都 西東京市 207,554
79%
242 大分県 別府市 112,456
79%
83 愛知県 春日井市 303,833
78%
104 埼玉県 草加市 249,795
78%
143 愛知県 安城市 185,718
78%
167 宮崎県 都城市 159,570
78%
195 神奈川県 海老名市 141,276
78%
208 宮城県 石巻市 131,806
78%
240 静岡県 掛川市 113,010
78%
87 大阪府 茨木市 290,614
77%
99 大阪府 八尾市 258,712
77%
109 東京都 調布市 244,558
77%
135 東京都 三鷹市 195,922
77%
152 千葉県 習志野市 176,101
77%
179 長野県 上田市 150,049
77%
226 三重県 伊勢市 117,307
77%
244 滋賀県 彦根市 112,083
77%
123 東京都 荒川区 222,707
76%
136 兵庫県 伊丹市 195,005
76%
173 三重県 松阪市 153,226
76%
174 茨城県 ひたちなか市 153,213
76%
177 東京都 武蔵野市 150,789
76%
201 千葉県 木更津市 137,103
76%
203 三重県 桑名市 135,308
76%
206 東京都 国分寺市 132,358
76%
248 佐賀県 唐津市 111,510
76%
268 岩手県 一関市 103,959
76%
272 北海道 小樽市 103,348
76%
124 群馬県 太田市 221,652
75%
127 千葉県 流山市 212,901
75%
154 千葉県 浦安市 172,084
75%
163 静岡県 磐田市 163,023
75%
205 静岡県 焼津市 133,337
75%
220 山口県 岩国市 121,797
75%
225 熊本県 八代市 117,834
75%
249 福島県 会津若松市 111,216
75%
253 北海道 北見市 110,297
75%
269 静岡県 三島市 103,819
75%
169 山口県 宇部市 156,034
74%
176 千葉県 野田市 151,930
74%
184 東京都 多摩市 146,006
74%
259 香川県 丸亀市 107,763
74%
224 奈良県 橿原市 118,311
73%
232 山形県 鶴岡市 115,172
73%
118 埼玉県 上尾市 227,897
72%
147 愛知県 豊川市 183,812
72%
211 長崎県 諫早市 131,231
72%
218 広島県 尾道市 123,184
72%
221 鹿児島県 霧島市 121,379
72%
192 岐阜県 各務原市 141,629
71%
215 沖縄県 うるま市 127,032
71%
230 大阪府 門真市 115,430
71%
237 栃木県 那須塩原市 113,661
71%
247 宮崎県 延岡市 111,543
71%
171 愛知県 刈谷市 154,067
70%
175 東京都 東村山市 152,209
70%
210 山口県 周南市 131,327
70%
260 岩手県 奥州市 106,206
70%
130 千葉県 八千代市 204,426
69%
150 大阪府 和泉市 181,763
69%
165 神奈川県 秦野市 160,656
69%
217 静岡県 富士宮市 123,783
69%
241 広島県 廿日市市 112,649
69%
266 石川県 小松市 104,031
69%
273 岐阜県 多治見市 102,280
69%
137 東京都 日野市 191,687
68%
146 大阪府 岸和田市 184,410
68%
212 東京都 青梅市 130,485
68%
213 千葉県 我孫子市 129,997
68%
235 東京都 東久留米市 114,663
68%
236 奈良県 生駒市 114,382
68%
274 神奈川県 伊勢原市 101,284
68%
250 愛媛県 新居浜市 110,790
67%
256 石川県 白山市 109,314
67%
161 千葉県 佐倉市 164,425
66%
197 埼玉県 深谷市 139,235
66%
207 神奈川県 座間市 131,838
66%
222 宮城県 大崎市 121,226
66%
263 兵庫県 三田市 104,799
66%
267 大阪府 池田市 103,979
66%
271 茨城県 取手市 103,617
66%
180 埼玉県 久喜市 148,976
65%
198 栃木県 足利市 138,724
65%
200 静岡県 藤枝市 137,131
65%
243 愛知県 東海市 112,267
65%
245 栃木県 佐野市 111,933
65%
257 滋賀県 長浜市 109,174
65%
131 東京都 小平市 200,410
64%
194 埼玉県 三郷市 141,524
64%
185 愛知県 小牧市 145,501
63%
196 大阪府 守口市 140,454
63%
265 福岡県 大牟田市 104,046
63%
277 愛媛県 西条市 100,184
63%
187 埼玉県 朝霞市 143,988
62%
202 茨城県 古河市 137,088
62%
252 滋賀県 東近江市 110,564
62%
183 埼玉県 狭山市 147,078
61%
214 東京都 小金井市 127,794
61%
157 愛知県 西尾市 167,145
60%
190 埼玉県 戸田市 142,143
60%
238 埼玉県 ふじみ野市 113,532
60%
258 千葉県 印西市 108,830
60%
181 兵庫県 川西市 148,952
59%
199 大阪府 箕面市 137,746
59%
216 愛知県 瀬戸市 125,184
59%
219 福岡県 飯塚市 122,964
59%
246 山口県 防府市 111,667
59%
275 沖縄県 宜野湾市 100,368
59%
191 埼玉県 入間市 142,138
58%
158 埼玉県 新座市 166,194
57%
223 北海道 江別市 119,275
57%
231 東京都 昭島市 115,301
57%
239 埼玉県 富士見市 113,172
57%
276 福岡県 糸島市 100,336
57%
227 埼玉県 鴻巣市 116,330
56%
229 沖縄県 浦添市 115,586
56%
255 福岡県 春日市 109,619
56%
251 埼玉県 加須市 110,719
54%
228 大阪府 大東市 115,682
53%
209 愛知県 稲沢市 131,490
52%
233 大阪府 松原市 114,893
52%
261 大阪府 羽曳野市 105,741
52%
264 大阪府 富田林市 104,572
52%
270 福岡県 大野城市 103,747
52%
234 愛知県 半田市 114,686
51%
254 千葉県 鎌ケ谷市 109,674
51%
262 福岡県 筑紫野市 105,222
46%
No matching quizzes found
Score Distribution
Percent of People with Each Score
Percentile by Number Answered
Your Score History
You have not taken this quiz